Statistiques concernant L'ordre alphabétique des pays européens

Cliquez ici pour prendre le quiz!

Statistiques générales

  • Ce quiz a été pris 732 fois
    (565 depuis la dernière actualisation)
  • Le résultat moyen est 18 sur 19

Statistiques - réponses

LettrePays européen% Correct
AAlbanie - Andorre - Allemagne - Arménie - Autriche - Azerbaïdjan
100%
BBiélorussie - Belgique - Bosnie-Herzégovine - Bulgarie
99%
EEstonie - Espagne
98%
FFinlande - France
98%
DDanemark
97%
SSaint-Marin - Serbie - Slovaquie - Slovénie - Suède - Suisse
97%
IIslande - Irlande - Italie
96%
LLettonie - Liechtenstein - Lituanie - Luxembourg
96%
PPays-Bas - Pologne - Portugal
96%
RRoumanie - Royaume-Uni - Russie - République Tchèque
96%
MMacédoine - Malte - Moldavie - Monaco - Monténégro
95%
HHongrie
94%
GGéorgie - Grèce
93%
CCroatie
90%
VVatican
89%
KKosovo
87%
NNorvège
85%
UUkraine
84%
TTurquie - Tchéquie
82%

Distribution des résultats

Percentile par nombre de réponses

% des personnes avec chaque résultat

Votre développement - résultats

Vous n’avez pas pris ce quiz depuis la dernière actualisation